[Event "European Blitz 2015"]
[Site "Minsk BLR"]
[Date "2015.12.18"]
[Round "20.7"]
[White "Popov, Ivan RUS"]
[Black "Kovalenko, Igor"]
[Result "1-0"]
[WhiteTitle "GM"]
[BlackTitle "GM"]
[WhiteElo "2650"]
[BlackElo "2680"]
[WhiteFideId "4170350"]
[BlackFideId "14117908"]
[EventDate "2015.12.18"]
[EventType "swiss (blitz)"]

1. e4 e6 2. d4 d5 3. Nc3 Bb4 4. exd5 exd5 5. Bd3 Nf6 6. Qf3 Nc6 7. Ne2 Bg4 8.
Qg3 Bxe2 9. Qe3+ Qe7 10. Bxe2 Qxe3 11. fxe3 Ne4 12. Bd2 Bxc3 13. Bxc3 O-O-O 14.
Bd2 Rhe8 15. Rf1 f6 16. O-O-O Re7 17. Bg4+ Kb8 18. Rde1 Rde8 19. c3 Na5 20. b3
b6 21. Kc2 Nxd2 22. Kxd2 Nb7 23. Bh5 Rd8 24. Bf3 c5 25. h4 Kc7 26. Kd3 Rd6 27.
g4 Nd8 28. Bg2 Nf7 29. Rf5 Red7 30. Ref1 Nh6 31. R5f4 Ng8 32. g5 h6 33. Rf5 hxg5
34. hxg5 Ne7 35. R5f4 fxg5 36. Rg4 Rg6 37. Rf7 Kd6 38. Rg3 Rd8 39. dxc5+ bxc5
40. Kd2 Rh8 41. b4 cxb4 42. cxb4 Rh2 43. Kc3 Rh4 44. Kb3 Rh7 45. Rg4 Rf6 46.
Rxf6+ gxf6 47. Rd4 Ke5 48. a4 f5 49. Rd2 Rh4 50. b5 f4 51. exf4+ gxf4 52. Re2+
Kd6 53. a5 Nf5 54. Rd2 Ne3 55. b6 axb6 56. axb6 Rh2 57. Rf2 Rxg2 58. Rxf4 Kc6
59. Rf6+ Kb7 60. Kc3 Rg4 61. Rd6 Re4 62. Kd3 Ka6 63. Rxd5 Re7 64. Rd6 Nf5 65.
Rf6 Ng7 66. Rc6 Ne8 67. Kc4 Kb7 68. Rh6 Re5 69. Kb4 Rf5 70. Re6 Nf6 71. Kc4 Nd5
72. Kd4 Nxb6 73. Re5 Rf4+ 74. Re4 Rf1 75. Re7+ Kc6 76. Re6+ Kb5 77. Rh6 Rd1+ 78.
Ke4 Kc5 79. Rh8 Re1+ 80. Kf5 Nc4 81. Rd8 Nd6+ 82. Kf4 Kd5 83. Kf3 Re6 84. Ra8
Rf6+ 85. Ke2 Kd4 86. Ra4+ Nc4 87. Ra8 Nb6 88. Rh8 Nd5 89. Rh4+ Kc3 90. Ra4 Rf7
91. Ra8 Nb6 92. Rd8 Nc4 93. Rd5 1-0

[Event "European Blitz 2015"]
[Site "Minsk BLR"]
[Date "2015.12.18"]
[Round "20.9"]
[White "Kovalev, Vladislav"]
[Black "Guseinov, Gadir"]
[Result "0-1"]
[WhiteTitle "GM"]
[BlackTitle "GM"]
[WhiteElo "2546"]
[BlackElo "2646"]
[WhiteFideId "13504398"]
[BlackFideId "13401378"]
[EventDate "2015.12.18"]
[EventType "swiss (blitz)"]

1. Nf3 g6 2. g3 Bg7 3. Bg2 d6 4. O-O e5 5. d3 f5 6. c4 Nf6 7. Nc3 O-O 8. Rb1 Nh5
9. Qc2 f4 10. b4 g5 11. a4 g4 12. Nd2 Nc6 13. Qd1 Nd4 14. e3 f3 15. Bh1 Ne6 16.
Nde4 c6 17. Ba3 d5 18. cxd5 cxd5 19. Nc5 Ng5 20. Re1 Nh3+ 21. Kf1 b6 22. Nb3 Be6
23. e4 d4 24. Nd5 Nf6 25. b5 Rf7 26. Nb4 Qe8 27. Nc6 Nd7 28. Nd2 Bf8 29. Bc1 Rf6
30. Qc2 Qh5 31. Nc4 Bh6 32. Ba3 Bf8 33. Bc1 Re8 34. a5 Ng5 35. h4 gxh3 36. Rd1
h2 37. Ke1 Bh3 38. Qa2 Kh8 39. Kd2 Bg2 40. Kc2 Nh3 41. Kb3 Ng1 42. axb6 axb6 43.
Ba3 Bxh1 44. Bxf8 Rexf8 45. Qa7 Qf7 46. Kb2 Bg2 47. Rxg1 hxg1=Q 48. Rxg1 Qg7 49.
Ra1 Bh3 50. Nxb6 Nxb6 51. Qxb6 Qh6 52. Kc2 Bd7 53. Ra6 Bxc6 54. bxc6 Rc8 0-1

[Event "European Blitz 2015"]
[Site "Minsk BLR"]
[Date "2015.12.18"]
[Round "20.10"]
[White "Rozum, Ivan"]
[Black "Bocharov, Dmitry"]
[Result "0-1"]
[WhiteTitle "GM"]
[BlackTitle "GM"]
[WhiteElo "2559"]
[BlackElo "2558"]
[WhiteFideId "24104272"]
[BlackFideId "4138716"]
[EventDate "2015.12.18"]
[EventType "swiss (blitz)"]

1. d4 d6 2. Nf3 g6 3. g3 Bg7 4. Bg2 c5 5. O-O cxd4 6. Nxd4 Qb6 7. Nb3 Nf6 8. c4
Nc6 9. Nc3 O-O 10. Be3 Qb4 11. c5 Rd8 12. cxd6 Rxd6 13. Qc1 Qg4 14. Bf4 Rd8 15.
Qe3 Qh5 16. h4 h6 17. Rfd1 Rxd1+ 18. Rxd1 e5 19. Bxc6 exf4 20. Rd8+ Kh7 21. Qxf4
bxc6 22. Qc7 Qg4 23. Qxf7 Be6 24. Qe7 Rxd8 25. Qxd8 Nd5 26. Nxd5 Bxd5 27. Qe7 a5
28. Kh2 Qb4 29. Nc5 Qe1 30. e4 Qxf2+ 31. Kh1 Qf7 0-1

[Event "European Blitz 2015"]
[Site "Minsk BLR"]
[Date "2015.12.18"]
[Round "20.11"]
[White "Kryakvin, Dmitry"]
[Black "Ragger, Markus"]
[Result "0-1"]
[WhiteTitle "GM"]
[BlackTitle "GM"]
[WhiteElo "2529"]
[BlackElo "2687"]
[WhiteFideId "4153278"]
[BlackFideId "1610856"]
[EventDate "2015.12.18"]
[EventType "swiss (blitz)"]

1. d4 d5 2. c4 c6 3. Nf3 Nf6 4. Nc3 dxc4 5. a4 Bf5 6. e3 e6 7. Bxc4 Bb4 8. O-O
Nbd7 9. Qe2 Bg6 10. Rd1 O-O 11. Ne5 Bh5 12. f3 Nxe5 13. dxe5 Nd7 14. g4 Bg6 15.
f4 Qe7 16. e4 f6 17. exf6 Nxf6 18. f5 Bf7 19. e5 Nd5 20. Nxd5 cxd5 21. Bd3 Rae8
22. Bf4 a6 23. Kh1 Ba5 24. Qe3 Qb4 25. f6 Bb6 26. Qg3 Bg6 27. Bxg6 hxg6 28. Bg5
Qe4+ 29. Qg2 Qxe5 30. fxg7 Rf2 31. Qh3 Qe4+ 0-1

[Event "European Blitz 2015"]
[Site "Minsk BLR"]
[Date "2015.12.18"]
[Round "20.12"]
[White "Jobava, Baadur"]
[Black "Shtembuliak, Evgeny"]
[Result "1-0"]
[WhiteTitle "GM"]
[BlackTitle "FM"]
[WhiteElo "2673"]
[BlackElo "2420"]
[WhiteFideId "13601520"]
[BlackFideId "14113325"]
[EventDate "2015.12.18"]
[EventType "swiss (blitz)"]

1. e4 c5 2. Nc3 Nc6 3. Nge2 g6 4. h4 h5 5. d4 cxd4 6. Nxd4 Bg7 7. Be3 Nf6 8. f3
d5 9. Bb5 O-O 10. Bxc6 bxc6 11. Nxc6 Qc7 12. exd5 Bb7 13. O-O Bxc6 14. dxc6 Qxc6
15. Rb1 Rfd8 16. Qe2 a6 17. Bf2 e6 18. Rfd1 Rxd1+ 19. Nxd1 Rb8 20. b3 e5 21.
Qxe5 Re8 22. Qc3 Qe6 23. Qc4 Nd5 24. Qf1 Nf4 25. Ne3 Bd4 26. Re1 Bc3 27. Rd1 Qc6
28. Qc4 Qf6 29. Bg3 Be5 30. Bxf4 Bxf4 31. Nd5 Be3+ 32. Nxe3 Rxe3 33. Qd4 Qe6 34.
c4 Re2 35. Rd2 Re1+ 36. Kh2 Rc1 37. Qb2 Re1 38. Rd8+ 1-0

[Event "European Blitz 2015"]
[Site "Minsk BLR"]
[Date "2015.12.18"]
[Round "20.13"]
[White "Harutjunyan, Gevorg"]
[Black "Alekseev, Evgeny"]
[Result "0-1"]
[WhiteTitle "GM"]
[BlackTitle "GM"]
[WhiteElo "2436"]
[BlackElo "2642"]
[WhiteFideId "13300873"]
[BlackFideId "4138147"]
[EventDate "2015.12.18"]
[EventType "swiss (blitz)"]

1. e4 c5 2. Nf3 Nc6 3. d4 cxd4 4. Nxd4 Qb6 5. Be3 Qxb2 6. Nb3 Qe5 7. Bd3 Nf6 8.
f4 Qc7 9. c4 d6 10. Nc3 Qd8 11. Be2 g6 12. O-O Bg7 13. Rc1 O-O 14. Bf3 Be6 15.
Nd5 Rc8 16. g4 Nd7 17. Qe1 b6 18. Qh4 Nc5 19. Rcd1 f6 20. Nd4 Nxd4 21. Bxd4 Nd7
22. Ne3 Nb8 23. f5 Bf7 24. g5 Nc6 25. gxf6 exf6 26. fxg6 hxg6 27. Bb2 Ne5 28.
Be2 Be6 29. Qg3 Bf7 30. Ba3 Rc6 31. Kh1 Qc7 32. Rg1 Re8 33. Nf5 Bf8 34. Nd4 Rxc4
35. Bxc4 Qxc4 36. Bb2 Bg7 37. Rc1 Qa4 38. Rc7 d5 39. Rxf7 Kxf7 40. exd5 Qxa2 41.
Qg2 Kg8 42. Nc6 Nxc6 43. dxc6 g5 44. c7 Qe6 45. Rc1 Rc8 46. Qb7 Kf7 47. Rd1 Kg6
48. Rc1 Bf8 49. Ba3 Bxa3 50. Rd1 Bc5 51. Rc1 a5 52. Rf1 f5 53. Rd1 Qe4+ 54. Qxe4
fxe4 0-1

[Event "European Blitz 2015"]
[Site "Minsk BLR"]
[Date "2015.12.18"]
[Round "20.14"]
[White "Movsesian, Sergei"]
[Black "Zakhartsov, Vladimir"]
[Result "1/2-1/2"]
[WhiteTitle "GM"]
[BlackTitle "IM"]
[WhiteElo "2659"]
[BlackElo "2462"]
[WhiteFideId "310204"]
[BlackFideId "4145097"]
[EventDate "2015.12.18"]
[EventType "swiss (blitz)"]

1. Nf3 c5 2. e4 d6 3. Nc3 Nf6 4. d4 cxd4 5. Qxd4 Nc6 6. Bb5 Bd7 7. Bxc6 Bxc6 8.
Bg5 e6 9. Qd3 Be7 10. O-O-O Qa5 11. h4 h6 12. Bd2 Qa6 13. Qxa6 bxa6 14. Rhe1 Ng4
15. Re2 Bb5 16. Nxb5 axb5 17. Nd4 a6 18. f3 Ne5 19. h5 Rc8 20. Kb1 Nc4 21. Bc1
O-O 22. g4 Bg5 23. f4 Bf6 24. Nf3 Rfd8 25. b3 Na5 26. Red2 Nb7 27. e5 dxe5 28.
fxe5 Be7 29. Rd7 Kf8 30. R1d4 Nc5 31. Rxd8+ Rxd8 32. Rxd8+ Bxd8 33. Be3 Nd7 34.
Kc1 f6 35. Bd4 fxe5 36. Nxe5 Nf6 37. Ng6+ Kf7 38. Ne5+ Ke8 39. Kd2 Bc7 40. Kd3
Bxe5 41. Bxe5 Kf7 42. c4 bxc4+ 43. Kxc4 Nxg4 44. Bg3 Nf6 45. b4 Nxh5 46. Be5 Nf6
47. b5 axb5+ 48. Kxb5 Nd7 49. Bd6 e5 50. a4 Ke6 51. Bc7 Kd5 52. a5 Nc5 53. Bb6
Nb7 54. a6 Nd6+ 55. Kb4 Nc8 56. Bg1 g5 57. Be3 Ke4 58. Bc1 Kd5 59. Be3 Ne7 60.
Kb5 Nc6 61. Kb6 e4 62. Bc1 Kd6 63. Ba3+ Kd5 64. Bc1 g4 65. Bxh6 g3 66. Be3 g2
67. Kb7 Kd6 68. Bg1 Kd5 69. Be3 Kd6 70. Bg1 Kd7 71. Be3 Kd6 72. Bg1 Kd7 73. Bc5
Nd8+ 74. Kb6 Nc6 75. Kb5 Kc7 1/2-1/2

[Event "European Blitz 2015"]
[Site "Minsk BLR"]
[Date "2015.12.18"]
[Round "20.15"]
[White "Demidov, Mikhail"]
[Black "Khoroshilov, Nikita"]
[Result "1-0"]
[WhiteTitle "IM"]
[WhiteElo "2485"]
[BlackElo "2294"]
[WhiteFideId "4197143"]
[BlackFideId "24145122"]
[EventDate "2015.12.18"]
[EventType "swiss (blitz)"]

1. d4 g6 2. e4 d6 3. Nf3 Bg7 4. Be2 Nf6 5. Nc3 O-O 6. O-O c6 7. a4 Nbd7 8. h3 e5
9. dxe5 dxe5 10. Bc4 Qe7 11. b3 a5 12. Ba3 Nc5 13. Qe2 b6 14. Rad1 Nh5 15. Qd2
Qf6 16. Qg5 Nf4 17. Qxf6 Bxf6 18. Rd6 Be6 19. Bxc5 bxc5 20. Bxe6 Nxe6 21. Rxc6
Rfc8 22. Rxc8+ Rxc8 23. Nd5 Kg7 24. Nd2 Nd4 25. c3 Nc6 26. Nc4 Rb8 27. Rb1 Bg5
28. Kf1 f5 29. f3 fxe4 30. fxe4 Rf8+ 31. Ke2 h5 32. Nc7 Rb8 33. Ne6+ Kf6 34.
Nxc5 1-0

[Event "European Blitz 2015"]
[Site "Minsk BLR"]
[Date "2015.12.18"]
[Round "20.16"]
[White "Pershin, Denis"]
[Black "Rakhmanov, Aleksandr"]
[Result "0-1"]
[BlackTitle "GM"]
[WhiteElo "2375"]
[BlackElo "2640"]
[WhiteFideId "24165506"]
[BlackFideId "4173708"]
[EventDate "2015.12.18"]
[EventType "swiss (blitz)"]

1. e4 c5 2. Nf3 Nf6 3. Nc3 d5 4. exd5 Nxd5 5. d4 Nxc3 6. bxc3 g6 7. Bb5+ Bd7 8.
Bxd7+ Nxd7 9. O-O Bg7 10. Ba3 Qa5 11. Bb2 O-O 12. Re1 Rfe8 13. Re2 Nb6 14. Nd2
Na4 15. Nb3 Qb5 16. Rb1 Nxb2 17. Qe1 Nc4 18. Nxc5 Qc6 19. Rxb7 e5 20. Qf1 exd4
21. Rxe8+ Rxe8 22. cxd4 Bxd4 23. Rxf7 Qxc5 24. Rf4 Rf8 25. Rxf8+ Kxf8 0-1

[Event "European Blitz 2015"]
[Site "Minsk BLR"]
[Date "2015.12.18"]
[Round "20.17"]
[White "Gritsenko, Nikolai"]
[Black "Chigaev, Maksim"]
[Result "0-1"]
[WhiteTitle "FM"]
[BlackTitle "IM"]
[WhiteElo "2309"]
[BlackElo "2526"]
[WhiteFideId "14112493"]
[BlackFideId "4108116"]
[EventDate "2015.12.18"]
[EventType "swiss (blitz)"]

1. d4 Nf6 2. c4 g6 3. c5 Bg7 4. Nc3 d6 5. cxd6 cxd6 6. e4 O-O 7. Nf3 Nc6 8. h3
d5 9. e5 Ne4 10. Bd3 Bf5 11. O-O Nxc3 12. bxc3 Bxd3 13. Qxd3 Qd7 14. Re1 Na5 15.
e6 fxe6 16. Ng5 Rf6 17. Qe2 Raf8 18. f4 Rc8 19. Nxe6 b6 20. Nxg7 Kxg7 21. Qxe7+
Qxe7 22. Rxe7+ Rf7 23. Rxf7+ Kxf7 24. Bd2 Nc4 25. Be1 Re8 26. Kf1 Re4 27. g3 h5
28. Bf2 Ke6 29. Re1 Rxe1+ 30. Kxe1 Kf5 31. Ke2 Ke4 32. Be1 b5 33. Bf2 a5 34. Be1
a4 35. Bf2 Nd6 36. Be1 Nf7 37. Bf2 Nh6 38. Be1 Ng8 39. Bf2 Nf6 40. Be1 Nd7 41.
Bf2 Nb6 42. Be1 Na8 43. Bf2 Nc7 44. Be1 Ne6 45. Bd2 h4 46. gxh4 Nxf4+ 47. Bxf4
Kxf4 48. Kf2 a3 49. Kg2 Ke3 50. Kg3 Kd2 51. Kg4 Kxc3 52. Kg5 b4 53. Kxg6 b3 0-1

[Event "European Blitz 2015"]
[Site "Minsk BLR"]
[Date "2015.12.18"]
[Round "20.19"]
[White "Popov, Valerij"]
[Black "Kochetkov, German"]
[Result "1-0"]
[WhiteTitle "GM"]
[BlackTitle "IM"]
[WhiteElo "2528"]
[BlackElo "2338"]
[WhiteFideId "4119410"]
[BlackFideId "13500635"]
[EventDate "2015.12.18"]
[EventType "swiss (blitz)"]

1. Nf3 Nf6 2. c4 c5 3. Nc3 b6 4. e4 d6 5. d4 cxd4 6. Nxd4 Bb7 7. Bd3 e6 8. O-O
Be7 9. b3 O-O 10. Bb2 Nbd7 11. Qe2 a6 12. Rad1 Qc7 13. Bb1 Rfe8 14. f4 Bf8 15.
Nf3 Qc5+ 16. Kh1 Qh5 17. h3 Rad8 18. a3 Nc5 19. b4 Ncd7 20. Rfe1 Qh6 21. Bc1 Nh5
22. Qe3 f5 23. Kg1 Ng3 24. Ng5 Nxe4 25. Ncxe4 fxe4 26. Bxe4 Bxe4 27. Qxe4 d5 28.
cxd5 Nf6 29. Qe2 Nxd5 30. Qxa6 Qf6 31. Qd3 g6 32. Qf3 Bg7 33. Ne4 Qf7 34. Qg4
Qf5 35. Ng5 Nf6 36. Rxd8 Rxd8 37. Qe2 Nd5 38. Qxe6+ Qxe6 39. Nxe6 Re8 40. Kf1
Bf6 41. g4 Bh4 42. Re5 Nc3 43. Bb2 Na4 44. Bc1 Rc8 45. Be3 Rc3 46. g5 Nb2 47.
Nd8 Nc4 48. Re8+ Kg7 49. Bd4+ 1-0

[Event "European Blitz 2015"]
[Site "Minsk BLR"]
[Date "2015.12.18"]
[Round "20.20"]
[White "Romanov, Evgeny"]
[Black "Makovskis, Georgijs"]
[Result "1-0"]
[WhiteTitle "GM"]
[WhiteElo "2590"]
[BlackElo "2236"]
[WhiteFideId "4148843"]
[BlackFideId "11601132"]
[EventDate "2015.12.18"]
[EventType "swiss (blitz)"]

1. d4 Nf6 2. Nf3 g6 3. Bg5 Bg7 4. Nbd2 d5 5. e3 c6 6. Bd3 O-O 7. O-O Bg4 8. h3
Bxf3 9. Nxf3 Nbd7 10. Qe2 Re8 11. c4 e5 12. dxe5 Nxe5 13. Nxe5 Rxe5 14. Bf4 Re8
15. Rad1 Qb6 16. b3 Rad8 17. Qc2 Qc5 18. Rfe1 Qe7 19. Bh2 h5 20. cxd5 Nxd5 21.
Bc4 Kh7 22. e4 Nc3 23. Rxd8 Rxd8 24. e5 Nd5 25. Bg3 h4 26. Bh2 Bh6 27. Qe4 Nc3
28. Qf3 Nd5 29. g4 Bg5 30. Rd1 Qe6 31. Qe4 b5 32. Bxd5 Rxd5 33. Rxd5 Qxd5 34.
Qxd5 cxd5 35. f4 Be7 36. Kf2 Bc5+ 37. Ke2 Kg8 38. f5 Kf8 39. Bf4 gxf5 40. gxf5
Bd4 41. Kd3 Bb2 42. Bh6+ Ke7 43. Bg5+ Kd7 44. Bf6 a6 45. e6+ fxe6 46. fxe6+ 1-0

[Event "European Blitz 2015"]
[Site "Minsk BLR"]
[Date "2015.12.18"]
[Round "20.21"]
[White "Aleksandrov, Aleksej"]
[Black "Polivanov, Anatoliy"]
[Result "1-0"]
[WhiteTitle "GM"]
[BlackTitle "IM"]
[WhiteElo "2615"]
[BlackElo "2426"]
[WhiteFideId "13500139"]
[BlackFideId "14109468"]
[EventDate "2015.12.18"]
[EventType "swiss (blitz)"]

1. d4 g6 2. e4 Bg7 3. Nc3 d6 4. h3 a6 5. a4 b6 6. Be3 Bb7 7. g4 c5 8. Bg2 Nc6 9.
Nge2 cxd4 10. Nxd4 Ne5 11. b3 Rc8 12. Qd2 e6 13. f4 Nd7 14. O-O Ne7 15. Rad1 e5
16. Nde2 exf4 17. Bxf4 Qc7 18. Bxd6 Qd8 19. e5 Bxg2 20. Kxg2 O-O 21. Bxe7 Qxe7
22. Qxd7 Qxe5 23. Rf3 h5 24. Qd5 hxg4 25. hxg4 Qe7 26. Rdf1 Rc5 27. Qd3 Qb7 28.
Ne4 Rd5 29. Qe3 Re5 30. N2g3 f5 31. gxf5 gxf5 32. Rxf5 Rfxf5 33. Rxf5 Re8 34. c4
Qd7 35. Rg5 Qd1 1-0

[Event "European Blitz 2015"]
[Site "Minsk BLR"]
[Date "2015.12.18"]
[Round "20.22"]
[White "Pustovoitova, Daria"]
[Black "Mikhalevski, Victor"]
[Result "1/2-1/2"]
[WhiteTitle "FM"]
[BlackTitle "GM"]
[WhiteElo "2356"]
[BlackElo "2535"]
[WhiteFideId "4182146"]
[BlackFideId "2801914"]
[EventDate "2015.12.18"]
[EventType "swiss (blitz)"]

1. d4 Nf6 2. c4 g6 3. g3 d5 4. cxd5 Nxd5 5. Bg2 Bg7 6. e4 Nb6 7. Ne2 c5 8. d5 e6
9. O-O exd5 10. exd5 O-O 11. Nec3 Na6 12. Nd2 Bxc3 13. bxc3 Nxd5 14. Ne4 Be6 15.
Bh6 Re8 16. c4 Ndb4 17. Qc1 Nd3 18. Qc3 Qd4 19. Qxd4 cxd4 20. Nf6+ Kh8 21. Nxe8
Rxe8 22. Bxb7 Bxc4 23. Bxa6 Bxa6 24. Rab1 Ne5 25. Rfc1 d3 26. Rc7 d2 27. Kg2 Bd3
28. Rd1 Be4+ 29. Kh3 Bf5+ 30. Kg2 Be4+ 31. Kh3 Bf5+ 32. Kg2 Be4+ 33. Kh3 Bf5+
34. Kg2 Be4+ 35. Kh3 Bf5+ 36. Kg2 1/2-1/2

[Event "European Blitz 2015"]
[Site "Minsk BLR"]
[Date "2015.12.18"]
[Round "20.23"]
[White "Konenkin, Dmitry"]
[Black "Milov, Vadim"]
[Result "0-1"]
[WhiteTitle "FM"]
[BlackTitle "GM"]
[WhiteElo "2243"]
[BlackElo "2615"]
[WhiteFideId "4185781"]
[BlackFideId "1304364"]
[EventDate "2015.12.18"]
[EventType "swiss (blitz)"]

1. d4 Nf6 2. Bg5 Ne4 3. Bh4 d5 4. f3 Nd6 5. Nc3 Nf5 6. Bf2 e6 7. e4 Ne7 8. Bd3
Nbc6 9. Nge2 Nb4 10. O-O Ng6 11. a3 Nxd3 12. Qxd3 Be7 13. f4 dxe4 14. Nxe4 O-O
15. Rad1 b6 16. c4 Ba6 17. g3 Qd7 18. h4 f5 19. Ng5 Bb7 20. h5 Nh8 21. d5 exd5
22. cxd5 Rf6 23. Nc3 Nf7 24. Nf3 Rh6 25. Ne5 Nxe5 26. fxe5 Rxh5 27. Ne2 f4 28.
Nxf4 Rxe5 29. Rfe1 Rxe1+ 30. Rxe1 Bd6 31. Ne6 Qf7 32. Re4 Qf5 33. Qd4 Qf6 34.
Qd3 Qg6 35. Qd4 h5 36. Kg2 Re8 37. Re1 Re7 38. Re3 Rf7 39. Rd3 Rf5 40. Qe4 Rxf2+ 0-1

[Event "European Blitz 2015"]
[Site "Minsk BLR"]
[Date "2015.12.18"]
[Round "20.26"]
[White "Inarkiev, Ernesto"]
[Black "Popov, Mikhail"]
[Result "1-0"]
[WhiteTitle "GM"]
[BlackTitle "FM"]
[WhiteElo "2668"]
[BlackElo "2280"]
[WhiteFideId "4162722"]
[BlackFideId "4146182"]
[EventDate "2015.12.18"]
[EventType "swiss (blitz)"]

1. d4 e6 2. c4 f5 3. Nc3 Nf6 4. Qc2 Be7 5. Nf3 O-O 6. g3 Qe8 7. Bg2 d6 8. O-O
Qh5 9. e4 fxe4 10. Nxe4 Nc6 11. Nxf6+ Bxf6 12. Be3 e5 13. dxe5 dxe5 14. c5 Be6
15. Nd2 Rad8 16. Ne4 Be7 17. Rfe1 Kh8 18. a3 Nd4 19. Bxd4 Rxd4 20. Rad1 Rfd8 21.
Rxd4 Rxd4 22. Qc3 h6 23. Nd2 c6 24. Nf3 Rd5 25. Nxe5 Rxc5 26. Qd4 Rc2 27. Be4
Re2 28. Rxe2 Qxe2 29. Ng6+ Kg8 30. Nxe7+ Kf7 31. Nf5 Bxf5 32. Bxf5 1-0

[Event "European Blitz 2015"]
[Site "Minsk BLR"]
[Date "2015.12.18"]
[Round "20.27"]
[White "Sychev, Klementy"]
[Black "Landa, Konstantin"]
[Result "1/2-1/2"]
[WhiteTitle "IM"]
[BlackTitle "GM"]
[WhiteElo "2415"]
[BlackElo "2625"]
[WhiteFideId "4114060"]
[BlackFideId "4101685"]
[EventDate "2015.12.18"]
[EventType "swiss (blitz)"]

1. d4 d5 2. c4 dxc4 3. Nf3 a6 4. e3 b5 5. a4 Bb7 6. b3 e6 7. bxc4 bxc4 8. Bxc4
Nf6 9. Nbd2 c5 10. O-O cxd4 11. Nxd4 Bc5 12. N2b3 Bb4 13. Nc2 Qxd1 14. Rxd1 Be7
15. Na5 Be4 16. Nd4 O-O 17. f3 Bd5 18. Bxd5 Nxd5 19. e4 Nc3 20. Rd3 Bb4 21. Nac6
Nxc6 22. Nxc6 Rfc8 23. Nxb4 Ne2+ 24. Kf1 Nxc1 25. Rd6 Nb3 26. Rad1 a5 27. Nc6
Kf8 28. Kf2 Nc5 29. Ne5 Rc7 30. Rc6 Rxc6 31. Nxc6 Nxa4 32. Ra1 Nc3 33. Rxa5 Rc8
34. Ne5 f6 35. Rc5 Rxc5 36. Nd7+ Ke7 37. Nxc5 Kd6 38. Nd3 Nd1+ 39. Ke2 Nc3+ 40.
Kd2 Nb5 41. Ke3 e5 42. Nb4 Nd4 43. Nd3 Ne6 44. Nb4 Nf4 45. g3 Ne6 46. Nd3 h5 47.
h4 g5 48. hxg5 fxg5 49. Nf2 h4 50. gxh4 gxh4 51. Nh3 Kc5 52. f4 exf4+ 53. Nxf4
Ng5 54. e5 Kc6 55. Kf2 Kd7 56. e6+ Ke7 57. Ng6+ Kxe6 58. Nxh4 Ke5 59. Nf3+ Nxf3
60. Kxf3 1/2-1/2

[Event "European Blitz 2015"]
[Site "Minsk BLR"]
[Date "2015.12.18"]
[Round "20.28"]
[White "Pavlov, Sergey2"]
[Black "Huzman, Alexander"]
[Result "1-0"]
[WhiteTitle "IM"]
[BlackTitle "GM"]
[WhiteElo "2454"]
[BlackElo "2581"]
[WhiteFideId "14114330"]
[BlackFideId "2803828"]
[EventDate "2015.12.18"]
[EventType "swiss (blitz)"]

1. c4 e6 2. g3 d5 3. Bg2 dxc4 4. Qa4+ Nd7 5. Qxc4 a6 6. Qc2 c5 7. Nc3 Ne7 8. Nf3
Nc6 9. O-O Be7 10. Rd1 Nd4 11. Qd3 e5 12. e3 Nxf3+ 13. Bxf3 O-O 14. b3 Nf6 15.
Qxd8 Rxd8 16. Bb2 Rb8 17. Rac1 b6 18. Na4 Bd6 19. d3 Bh3 20. Nc3 h6 21. Ne4 Nxe4
22. dxe4 Be6 23. Rd2 Bc7 24. Rcd1 Rxd2 25. Rxd2 f6 26. Be2 b5 27. Ba3 c4 28.
bxc4 b4 29. Bb2 Kf7 30. f4 Ke7 31. Kf2 a5 32. Bd1 Bd6 33. Bb3 Rc8 34. Rc2 Bd7
35. c5 Bxc5 36. fxe5 fxe5 37. Bxe5 a4 38. Bc4 Bb6 39. Bd4 Ba5 40. Bd3 Rxc2+ 41.
Bxc2 Be6 42. Bxa4 Bxa2 43. Bxg7 h5 44. h3 b3 45. Bb2 Ke6 46. g4 Bc7 47. gxh5 Be5
48. Bxe5 Kxe5 49. h6 Kf6 50. e5+ Kg6 51. e6 b2 52. e7 Bf7 53. Bc2+ Kxh6 54. Ke2
Kg7 55. Kd2 Kf6 56. Kc3 Kxe7 57. Kxb2 Kf6 58. h4 Bd5 59. Kc3 Bf3 60. Kd4 Be2 61.
e4 Bf3 62. e5+ Ke6 63. Be4 Bg4 64. Bd3 Bh3 65. Bc2 Bg4 66. Bh7 Ke7 67. Ke4 Ke6
68. Kf4 Be2 69. Bg8+ Ke7 70. Bd5 Bh5 71. Kg5 Be2 72. h5 Bd3 73. Kh6 Kf8 74. Be6
Be4 75. Kg5 Ke7 76. Bf5 Bd5 77. h6 Bg8 78. h7 1-0

[Event "European Blitz 2015"]
[Site "Minsk BLR"]
[Date "2015.12.18"]
[Round "20.29"]
[White "Efanov, Nikolai"]
[Black "Dzhumagaliev, Yan"]
[Result "0-1"]
[WhiteTitle "IM"]
[BlackTitle "FM"]
[WhiteElo "2399"]
[BlackElo "2400"]
[WhiteFideId "4187997"]
[BlackFideId "24100110"]
[EventDate "2015.12.18"]
[EventType "swiss (blitz)"]

1. e4 c5 2. Nf3 Nc6 3. Bb5 e6 4. c3 Nge7 5. d4 cxd4 6. cxd4 d5 7. e5 Bd7 8. Nc3
Nf5 9. O-O Bb4 10. Be2 a6 11. a3 Ba5 12. Na4 O-O 13. b4 Bc7 14. Nc5 Bc8 15. g4
Nfe7 16. Ne1 b6 17. Nb3 a5 18. b5 a4 19. bxc6 axb3 20. Bb5 Ba6 21. Qxb3 Bxb5 22.
Qxb5 Ra5 23. Qb2 Nxc6 24. f4 b5 25. Nf3 Qb8 26. Be3 Ra4 27. Rfb1 Na7 28. Qb3 Qd8
29. f5 Bb6 30. Qd3 f6 31. fxe6 Qe7 32. exf6 Qxe6 33. Qxh7+ Kxh7 34. Ng5+ Kg8 35.
Nxe6 Re8 36. Nxg7 Rxe3 37. Kg2 Rxd4 38. Rd1 Rxg4+ 39. Kh1 Re5 40. Rf1 Kf7 41.
Nf5 Rg6 42. Nd6+ Kf8 43. Rab1 Re6 44. Nxb5 Rexf6 45. Rfd1 Nxb5 46. Rxb5 d4 47.
a4 Rf2 48. a5 Bc7 49. Rh5 d3 50. a6 Rxa6 51. Rh3 d2 52. Rd3 Bf4 53. Kg1 Rxh2 54.
Rf3 Rg6+ 55. Kf1 Rh1+ 56. Ke2 Rg2+ 57. Kd3 Rxd1 0-1

[Event "European Blitz 2015"]
[Site "Minsk BLR"]
[Date "2015.12.18"]
[Round "20.30"]
[White "Johannessen, Leif Erlend"]
[Black "Balashov, Yuri S"]
[Result "1/2-1/2"]
[WhiteTitle "GM"]
[BlackTitle "GM"]
[WhiteElo "2487"]
[BlackElo "2408"]
[WhiteFideId "1501674"]
[BlackFideId "4100263"]
[EventDate "2015.12.18"]
[EventType "swiss (blitz)"]

1. d4 d6 2. Nf3 g6 3. c4 Bg7 4. g3 Nf6 5. Bg2 O-O 6. O-O Nc6 7. Nc3 a6 8. Re1
Rb8 9. Rb1 b5 10. cxb5 axb5 11. b4 e5 12. dxe5 dxe5 13. Be3 Bf5 14. Rc1 Qxd1 15.
Rexd1 Rfe8 16. a3 Ng4 17. Bc5 e4 18. Nd4 Nxd4 19. Bxd4 Bh6 20. e3 Bg7 21. Nd5
Ne5 22. Nxc7 Red8 23. Ba7 Rxd1+ 24. Rxd1 Rc8 25. Nxb5 Bg4 26. Rb1 Nf3+ 27. Bxf3
exf3 28. Nd4 Ra8 29. Bc5 Rxa3 30. b5 Rc3 31. Bd6 Bxd4 32. exd4 Bf5 33. Ra1 Rb3
34. Be5 f6 35. Bxf6 Bh3 36. d5 Rxb5 37. d6 Kf7 38. Bc3 Ke6 39. Rd1 Kd7 40. Bf6
h5 41. Be7 Rb7 42. Rc1 Ra7 43. Bf8 Rb7 44. Rc7+ Rxc7 45. dxc7 Kxc7 46. Be7 1/2-1/2